Bells of all nations. (Record no. 77125)

MARC details
000 -LEADER
fixed length control field 00325nam a2200133Ia 4500
008 - FIXED-LENGTH DATA ELEMENTS--GENERAL INFORMATION
fixed length control field 210210b1951 xxu||||| |||| 00| 0 eng d
082 ## - DEWEY DECIMAL CLASSIFICATION NUMBER
Classification number 070/93
100 ## - MAIN ENTRY--PERSONAL NAME
Personal name MORRIS (Ernest).
245 ## - TITLE STATEMENT
Title Bells of all nations.
260 ## - PUBLICATION, DISTRIBUTION, ETC.
Place of publication, distribution, etc. London
Name of publisher, distributor, etc. Robert Hale Limited
Date of publication, distribution, etc. 1951
300 ## - PHYSICAL DESCRIPTION
Extent xv,212
690 ## - LOCAL SUBJECT ADDED ENTRY--TOPICAL TERM (OCLC, RLIN)
Topical term or geographic name as entry element Instruments
906 ## - LOCAL DATA ELEMENT F, LDF (RLIN)
a 000611
Holdings
Withdrawn status Lost status Damaged status Not for loan Collection code Home library Current library Shelving location Date acquired Cost, normal purchase price Total Checkouts Full call number Barcode Date last seen Price effective from Koha item type
      Restricted Book   St Aloysius Library St Aloysius Library   02/17/2021 0.00   070/93 000611 02/17/2021 02/17/2021 Book